| 000 | 00472nam a2200157Ia 4500 | ||
|---|---|---|---|
| 005 | 20250423095932.0 | ||
| 008 | 250422s9999 xx 000 0 und d | ||
| 020 | _a9291860875 | ||
| 050 | _aRL 790 .K56/ | ||
| 245 | 0 | _aKnowledge, attitude and practices study on children with Albinism in Nigeria | |
| 260 | _aLagos | ||
| 260 | _bPolls and Ratings Limited | ||
| 300 | _a124 p | ||
| 650 | _aAlbinos and albinism--Juvenile literature. Albinos and albinism. | ||
| 942 | _cBK | ||
| 999 |
_c31781 _d31781 |
||